000 01510nam a2200265Ia 4500
003 Ost
005 20260507075031.0
008 260507s9999||||xx |||||||||||||| ||und||
020 _a5263119957
040 _cfsecg
041 _aara
082 _a330
100 _aعساف، عبد المعطي محمد
_eمؤلف
245 0 _aالتطورات المنهجية وعملية البحث العلمي /
_c عبد المعطي محمد عساف
260 _aعمان:
_bدار وائل للنشر والتوزيع,
_c2002
300 _a256 صفحة؛
_bإيضاحات ؛
_c24 سم
520 _aأساسيات البحث العلمي - نظرية المعرفة والبحث العلمي- التطورات المنهجية وتطبيقاتها في مجال العلوم الإنسانية- توضيح التطورات المنهجية وشبكة المناهج التي تحتكم اليها- عملية البحث العلمي المعاصرة- التهيئة والإستعداد لعملية البحث العلمي- مراحل البحث العلمي- أساليب وأدوات جمع المعلومات وتجريدها- طرق وقواعد عرض المعلومات وكتابتها وإخراجها
653 _aالبحث العلمي
653 _aالبحوث
653 _aالمعلومات- بحوث
653 _aطرق البحث
700 _aعبد الرحمان، يعقوب
_eمؤلف ثانوي
700 _aمازن مسودة
_eمؤلف ثانوي
942 _cكتاب
999 _c42406
_d42406